000 00684nam a2200289Ia 4500
005 20260324145645.0
008 008 260324s9999 xx 000 0 eng d
020 _a9781003190684
037 _aEBOOK
040 _aCRL
040 _beng
040 _cCRL
041 _2eng
041 _aeng
084 _qCRL
100 _aPatrick Howarth
_91223732
245 0 _aUndercover
245 4 _bThe Men and Women of the Special Operations Executive
260 _bTaylor and Francis
260 _c1980
365 _a
365 _b170
856 _uhttp://www.taylorfrancis.com/books/9781003190684
942 _cEBOOK
999 _c1831953
_d1831953